La Primera Internacional (Record no. 122423)

MARC details
000 -LEADER
campo de control de longitud fija 00780nam a2200229 4500
001 - NÚMERO DE CONTROL
campo de control 122423
003 - IDENTIFICADOR DE NÚMERO DE CONTROL
campo de control ES-MaACL
005 - FECHA Y HORA DE LA ÚLTIMA TRANSACCIÓN
campo de control 20250815091738.0
007 - CAMPO FIJO DE DESCRIPCIÓN FÍSICA--INFORMACIÓN GENERAL
campo de control de longitud fija t|
008 - DATOS DE LONGITUD FIJA--INFORMACIÓN GENERAL
campo de control de longitud fija 070214s1977 sp r ||||1| spa d
080 ## - NÚMERO DE LA CLASIFICACIÓN DECIMAL UNIVERSAL
Número de la Clasificación Decimal Universal 327.323.1"1864/72"
245 03 - MENCIÓN DEL TÍTULO
Título La Primera Internacional
Resto del título : (Congresos de Ginebra, Lausana y Bruselas) /
Mención de responsabilidad, etc. traducción: Pilar Calvo.
260 ## - PUBLICACIÓN, DISTRIBUCIÓN, ETC.
Lugar de publicación, distribución, etc. Madrid :
Nombre del editor, distribuidor, etc. Fundamentos,
Fecha de publicación, distribución, etc. 1977.
300 ## - DESCRIPCIÓN FÍSICA
Extensión 1 v. ;
Dimensiones 19 cm.
490 1# - MENCIÓN DE SERIE
Mención de serie Colección Ciencia: Serie Política ;
Designación de volumen o secuencia 87
500 ## - NOTA GENERAL
Nota general Es el v. I.
610 2# - PUNTO DE ACCESO ADICIONAL DE MATERIA--NOMBRE DE ENTIDAD CORPORATIVA
Nombre de entidad corporativa o nombre de jurisdicción como elemento de entrada Asociación Internacional de los Trabajadores (1864-1876)
9 (RLIN) 171768
700 1# - ENTRADA AGREGADA--NOMBRE PERSONAL
Nombre de persona Calvo, Pilar.
9 (RLIN) 33860
830 00 - PUNTO DE ACCESO ADICIONAL DE SERIE-TÍTULO UNIFORME
Título uniforme Colección ciencia (Fundamentos)
Designación de volumen o secuencia 87
9 (RLIN) 227763
852 ## - LOCALIZACIÓN
Ubicación ES-MaACL
Número de control de estantería P-515
Sublocalización o colección R.96197
Holdings
Estatus retirado Estado de pérdida Estado de daño No para préstamo Biblioteca de origen Biblioteca actual Ubicación en estantería Fecha de adquisición Fuente de adquisición Total de préstamos Signatura topográfica completa Código de barras Visto por última vez Precio de reemplazo Tipo de ítem Koha
        Biblioteca del Ateneo de Madrid Biblioteca del Ateneo de Madrid Depósito 2 17/01/2008     P-515 1127571 23/02/2023 23/02/2023 Libro impreso